000
00269nam a2200109Ia 4500
008
220204s9999 xx 000 0 und d
082
_a
665.52(540)
_b
MEN
100
_a
Menon, A K
245
0
_a
Indian essential oils: A review
260
_a
Delhi
_b
CSIR
_c
1960
942
_c
BK
999
_c
21862
_d
21862